000
00213 a2200097 4500
001
42558
100
_a
Newman B
245
_a
Report on Indo China
260
_a
London
_b
Robert hale lit
_c
090
_c
26468
_d
26468
942
_a
NUST-CAE
_c
M
_c
18300
999
_c
277631
_d
277631